El transporte marítimo : (Record no. 182620)

MARC details
000 -LEADER
campo de control de longitud fija 01050nam a2200277 i 4500
001 - NÚMERO DE CONTROL
campo de control 182620
003 - IDENTIFICADOR DE NÚMERO DE CONTROL
campo de control ES-MaACL
005 - FECHA Y HORA DE LA ÚLTIMA TRANSACCIÓN
campo de control 20250806062255.0
008 - DATOS DE LONGITUD FIJA--INFORMACIÓN GENERAL
campo de control de longitud fija 131007s2012 sp | |||||||| | spa d
020 ## - NÚMERO INTERNACIONAL ESTÁNDAR DEL LIBRO
Número Internacional Estándar del Libro 978-84-615-7453-7
080 ## - NÚMERO DE LA CLASIFICACIÓN DECIMAL UNIVERSAL
Número de la Clasificación Decimal Universal 616-057:355.353(100)(091)
080 ## - NÚMERO DE LA CLASIFICACIÓN DECIMAL UNIVERSAL
Número de la Clasificación Decimal Universal 627.76/.77(100)(091)
080 ## - NÚMERO DE LA CLASIFICACIÓN DECIMAL UNIVERSAL
Número de la Clasificación Decimal Universal 623.828.6(100)(091)
100 1# - ENTRADA PRINCIPAL--NOMBRE DE PERSONA
Nombre de persona Aragón Canovas, Francisco Javier.
9 (RLIN) 153532
245 13 - MENCIÓN DEL TÍTULO
Título El transporte marítimo :
Resto del título en lo bélico y en la navegación /
Mención de responsabilidad, etc. Francisco Javier Aragón Cánovas.
260 ## - PUBLICACIÓN, DISTRIBUCIÓN, ETC.
Lugar de publicación, distribución, etc. Madrid :
Nombre del editor, distribuidor, etc. Real Liga Naval Española,
Fecha de publicación, distribución, etc. [2012]
300 ## - DESCRIPCIÓN FÍSICA
Extensión 305 p. ;
Dimensiones 30 cm.
650 #7 - PUNTO DE ACCESO ADICIONAL DE MATERIA--TÉRMINO DE MATERIA
Término de materia o nombre geográfico como elemento de entrada Medicina naval
Fuente del encabezamiento o término embne
9 (RLIN) 144561
650 #4 - PUNTO DE ACCESO ADICIONAL DE MATERIA--TÉRMINO DE MATERIA
Término de materia o nombre geográfico como elemento de entrada Servicios de salvamento marítimo-
Subdivisión de forma Historia.
9 (RLIN) 153533
650 #4 - PUNTO DE ACCESO ADICIONAL DE MATERIA--TÉRMINO DE MATERIA
Término de materia o nombre geográfico como elemento de entrada Barcos hospitales-
Subdivisión general Historia.
9 (RLIN) 153536
710 2# - ENTRADA AGREGADA--NOMBRE DE ENTIDAD CORPORATIVA
Nombre de entidad corporativa o nombre de jurisdicción como elemento de entrada Real Liga Naval Española.
9 (RLIN) 153379
852 ## - LOCALIZACIÓN
Ubicación ES-MaACL
Número de control de estantería A-12863
itemnumber 189536
Sublocalización o colección R.149104
Ubicación en estantería Depósito 1
Signatura antigua Olim: N-5863
Encuadernación Donación: Real Liga Naval Española
914 ## - NOMBRE ENTIDAD DE DONANTE
RLIN 153379
Nombre de congreso/reunión o jurisdicción como elemento de entrada Real Liga Naval Española
Unidad subordinada Donante
942 ## - ELEMENTOS DE ENTRADA SECUNDARIOS (KOHA)
Fuente del sistema de clasificación o colocación Clasificación decimal universal
Tipo de ítem Koha Libro impreso
Holdings
Estatus retirado Estado de pérdida Fuente del sistema de clasificación o colocación Estado de daño No para préstamo Biblioteca de origen Biblioteca actual Ubicación en estantería Fecha de adquisición Fuente de adquisición Total de préstamos Signatura topográfica completa Código de barras Visto por última vez Precio de reemplazo Tipo de ítem Koha
    Clasificación decimal universal     Biblioteca del Ateneo de Madrid Biblioteca del Ateneo de Madrid Depósito 1 07/10/2013 Donación   A-12863 1191921 23/02/2023 23/02/2023 Libro impreso